| 000 | 00667nam a22002057a 4500 | ||
|---|---|---|---|
| 003 | OSt | ||
| 005 | 20250226104733.0 | ||
| 008 | 250226b |||a|||| |||| 00| 0 eng d | ||
| 020 | _a0821350706 | ||
| 037 | _bDonación | ||
| 040 |
_aCO-JMCR _cCO-JMCR _beng _dCO-JMCR _erda |
||
| 041 | 0 | _aeng | |
| 082 | 0 | 4 |
_a338.9 _bK42r _223 |
| 100 | 1 |
_aKessides, Ioannis N. _944100 |
|
| 245 | 1 | 0 |
_aReforming Infrastructure : _bprivatization, regulation and competition / _cIonnis N. Kessides. |
| 260 |
_aWashington : _bThe World Bank, Oxford University press, _c2004. |
||
| 300 |
_a306 páginas : _bilustraciones ; _c24 cm. |
||
| 504 | _aIncluye bibliografía. | ||
| 942 |
_2ddc _cBK |
||
| 999 |
_c30958 _d17342 |
||